000
00329nam a2200133 a 4500
005
20140414093828.0
008
030502s19uu xx 00 eng d
050
_a
VHS 500
_b
R 06
245
_a
Video 16 Human being, Video 22 and 24 Geology.
650
_a
Geology.
650
_a
Human being.
942
_c
AVM
999
_c
108538
_d
108538